Statystyki dla Quiz piłkarski 2!

Kliknij tutaj aby rozwiązać quiz!

Ogólne statystyki

  • Ten quiz został rozwiązany 63 razy
  • Średni wynik to 8 z 20

Statystyki odpowiedzi

PiłkarzKlub w którym zakończył karierę% Poprawnych
David BeckhamPSG
93%
Jerzy DudekReal Madryt
74%
Steven GerrardLA Galaxy
70%
Miroslav KloseLazio
70%
John TerryAston Villa
65%
Andrij ShevchenkoDynamo Kijów
51%
Nemanja VidićInter
47%
Michael BallackBayer Leverkusen
42%
Claudio MarchisioZenit
37%
Peter SchmeichelManchester City
35%
David VillaVissel Kobe
35%
Ruud Van NistelrooyMalaga
26%
Michael OwenStoke
26%
Tomasz HajtoŁKS Łódź
19%
Ronaldo NazarioCorinthians
16%
RonaldinhoFluminense
16%
Claude MakéléléPSG
16%
Laurent BlancManchester United
9%
Christian VieriAtalanta
7%
Fernando HierroBolton
4%

Rozkład punktacji

Percentyl według liczby udzielonych odpowiedzi

Procent ludzi z każdym wynikiem

Twoja historia wyników

Nie rozwiązałeś tego quizu